Normal view
MARC view
- Qaisar, Kiran (364694)
Entry Personal Name
001 - CONTROL NUMBER
- control field: 122604
003 - CONTROL NUMBER IDENTIFIER
- control field: NUST
005 - DATE AND TIME OF LATEST TRANSACTION
- control field: 20240513144159.0
008 - FIXED-LENGTH DATA ELEMENTS
- fixed length control field: 240513|| aca||aabn | a|a d
040 ## - CATALOGING SOURCE
- Original cataloging agency: NUST
- Transcribing agency: NUST
100 ## - HEADING--PERSONAL NAME
- Personal name: Qaisar, Kiran (364694)
670 ## - SOURCE DATA FOUND
- Source citation: Work cat.: (NUST): Qaisar, Kiran (364694) , Techno-economic Analysis and Optimization of Renewable Sources and Battery Energy Storage System Across Different Climatic Zones Considering Gas and Electrical Utilities /
